The Quisley - Statistics

General Stats
  • This quiz has been taken 6 times
  • The average score is 7 of 9
Answer Stats
Question Tile Select % Correct
...the Weasleys (by name, not by blood!) after all the movies Yes
100%
...the Weasleys (by name, not by blood!) after all the movies Yes
100%
...the Weasleys (by name, not by blood!) after all the movies No
100%
...the Weasleys (by name, not by blood!) after all the movies Yes
100%
...the Weasleys (by name, not by blood!) after all the movies Yes
100%
...the Weasleys (by name, not by blood!) after all the movies No
100%
...the Weasleys (by name, not by blood!) after all the movies Yes
50%
...the Weasleys (by name, not by blood!) after all the movies Yes
33%
...the Weasleys (by name, not by blood!) after all the movies No
17%
No matching quizzes found
Score Distribution
Percent of People with Each Score
Percentile by Number Answered
Your Score History
You have not taken this quiz